000 00252nam a2200097Ia 4500
001 761213
005 20250826165202.0
008 250824s9999 xx 000 0 und d
245 0 _aYÜREĞİMDEN MEKTUPLAR
_cANNIE BRYANT
260 _bBEYAZ BALİNA YAYINLARI
999 _c761213
_d761213